000 00439nam a2200157Ia 4500
005 20250508152632.0
008 008 250505s9999 xx 000 0 eng d
037 _aBooks to be hide in OPAC
040 _aFEDL
_beng
_cFEDL
041 _aeng
_2eng
084 _a361.695 454, DRA
_qFEDL
245 0 _aDraft master plan for Delhi. Vol 2
300 _a165p.
942 _cHB
_h361.695 454, DRA
999 _c1337736
_d1337736